Plages célèbres - Statistiques

Statistiques générales
  • Ce quiz a été pris 24 fois
  • Le résultat moyen est 5 sur 25
Statistiques - réponses
Indice Réponse % Correct
Plages du débarquement Omaha
96%
Plage principale de Rio de Janeiro Copacabana
78%
Utah
61%
Juno
57%
Plage californienne rendue célèbre par la série homonyme, Alerte à .....! Malibu
52%
Gold
39%
Sword
39%
Plage du sud de l'Angleterre, réputée pour sa jetée et sa communauté LGBT Brighton
22%
Plus grande plage de Marseille Plage du Prado
22%
Plage réputée de Sydney, frappée par une fusillade en décembre 2025 Bondi
17%
Plage portugaise réputée pour avoir reçu la vague la plus haute jamais surfée Nazaré
17%
Plage la plus prisée des Pays-Bas, sa station balnéaire comprend un circuit automobile Zandvoort
9%
Une des six plages de Barcelone Barceloneta | San Sebastian | Nova Icària | Bogatell | Mar Bella | Levant
4%
Ancienne île et plage du sud de New-York Coney Island
4%
Municipalité et plage de la banlieue de Los Angeles Long Beach
4%
Plage du Léman et quartier de Genève, une des plus grandes plage de sable de Suisse Eaux-Vives
0%
Plages homonymes de Guadeloupe et de la Réunion (où elle porte le nom d'un Piton) Grande Anse
0%
Plage néo-zélandaise, connue notamment pour certaines scènes de La Lecon de Piano Karekare
0%
Île dont les plages servent de lieu de tournage aux Dents de la Mer Martha's Vineyard
0%
Plage grecque de l'île de Zante, réputée outre son sable fin pour son épave de navire Navagio
0%
Plage d'Ayia Napa, la plus prisée de Chypre Nissi
0%
Station balnéaire de la côte italienne de l'Adriatique, lieu de villégiature fétiche de Pavarotti Pesaro
0%
Plage de Ouistreham (Calvados), réputée pour ses villas belle époque Riva Bella
0%
Plage de Gold Coast, près de Brisbane, surplombée par la tour Q1 Surfers Paradise
0%
Plage du nord de Rostock, une des plus importante d'Allemagne de l'Est Warnemünde
0%
Aucun quiz correspondant
Distribution des résultats
% des personnes avec chaque résultat
Percentile par nombre de réponses
Votre historique - résultats
Vous n’avez pas pris ce quiz